Mende - Choix multiples - Statistiques

Statistiques générales
  • Ce quiz a été pris 15 fois
  • Le résultat moyen est 7 sur 10
Statistiques - réponses
Question Réponse % Correct
Sur quel massif Mende est-elle nichée ? Le Massif central
100%
Entre 1764 et 1767, des louvetiers du roi séjournaient régulièrement à Mende. Pour quelle raison ? Ils s'y reposèrent quelques temps avant de poursuivre la traque de la Bête du Gévaudan.
86%
Comment appelle-t-on le biscuit traditionnel de Mende, à base d'amandes et de noisettes ? Le croquant de Mende
86%
De quel film avec Louis de Funès la scène finale a été tournée sur les hauteurs de Mende ? La Grande vadrouille
79%
Dans quelle région (d'avant 2016) se situe Mende ? Le Languedoc
79%
Parmi ces images, reconnaissez-vous Mende ?
71%
Quelle rivière coule à Mende ? Le Lot
71%
Qu'est-ce qu'était la "Non-Pareille" de Mende, détruite en 1579 ? La plus grosse cloche du monde
64%
Quel Pape originaire de la province a financé la construction de la cathédrale de Mende vers 1364 ? Urbain V
64%
Quelle communauté détruisit la précédente en 1579 ? Les huguenots
29%
Aucun quiz correspondant
Distribution des résultats
% des personnes avec chaque résultat
Percentile par nombre de réponses
Votre historique - résultats
Vous n’avez pas pris ce quiz